Central-Library-PUMHS

Online Public Access Catalogue

Welcome to PUMHS Central Library Nawabshah, SBA

Review of Medical Microbiology and Immunology a Guide to Clinical Infections Diseases (Record no. 37855)

000 -LEADER
fixed length control field 00363nam a22001457a 4500
082 ## - DEWEY DECIMAL CLASSIFICATION NUMBER
Classification number 616.01 WAR
100 ## - MAIN ENTRY--AUTHOR NAME
Personal name Levinson Warren
245 ## - TITLE STATEMENT
Title Review of Medical Microbiology and Immunology a Guide to Clinical Infections Diseases
250 ## - EDITION STATEMENT
Edition statement 18th Edition
260 ## - PUBLICATION, DISTRIBUTION, ETC. (IMPRINT)
Year of publication 2025
300 ## - PHYSICAL DESCRIPTION
Number of Pages 843
490 ## - SERIES STATEMENT
Series statement 18th Edition
650 ## - SUBJECT ADDED ENTRY--TOPICAL TERM
Topical Term Microbiology
942 ## - ADDED ENTRY ELEMENTS (KOHA)
Koha item type Books
Holdings
Withdrawn status Lost status Permanent Location Current Location Shelving location Date acquired Source of acquisition Cost, normal purchase price Full call number Accession Number Koha item type
    Central Library New Campus PUMHS Nawabshah,(SBA) Central Library New Campus PUMHS Nawabshah,(SBA) Microbiology 2026-03-04 M/S New Noble Bill No: 101/ NNB , Date: 05/06/2025 790.50 616.01 WAR 41136 Ref Books
    Central Library New Campus PUMHS Nawabshah,(SBA) Central Library New Campus PUMHS Nawabshah,(SBA) Microbiology 2026-03-04 M/S New Noble Bill No: 101/ NNB , Date: 05/06/2025 790.50 616.01 WAR 41137 Ref Books

Copyright © 2018,The PUMHSW, Nawabshah, Shaheed Benazirabad. All rights reserved
Mr. Abdul Sattar Mahar (Chief Librarian) PUMHSW, Nawabshah, Sindh, Pakistan 67480.
Ph#: | 0244-9370425 Ext. 2241 Email| librarian@pumhs.edu.pk Web| http://www.pumhs.edu.pk
سنڌي ڪي بورڊ